Camino de perfección

Salvato in:
Dettagli Bibliografici
Autore principale: Santa Teresa de Jesús (Autore)
Natura: Libro
Lingua:spagnolo
Pubblicazione: Buenos Aires Emecé 1946
Serie:Biblioteca Emecé, 50
Soggetti:
Tags: Aggiungi Tag
Nessun Tag, puoi essere il primo ad aggiungerne!!

MARC

LEADER 00000nam a2200000 a 4500
001 UCM9902
003 CL-VaPUC
008 030530e19460000AG |||||||||||||||||spa|d
082 0 4 |a 863  |b TER  |2 21 
100 0 |a Santa Teresa de Jesús  |e author  |9 313710 
245 1 0 |a Camino de perfección 
246 1 0 |a Libro de las fundaciones 
300 |a 418 p 
942 |c BK 
945 |d 20030530 00:00:00  |a rbrito 
260 |a Buenos Aires  |b Emecé  |c 1946 
650 0 |a Novelas españolas  |9 265052 
650 7 |a LITERATURA RELIGIOSA ESPAÑOLA  |2 CL-VaPUC  |9 314131 
583 |a last modification  |c 20030530 00:00:00  |k Rodrigo Vera 
490 0 |a Biblioteca Emecé, 50 
999 |c 303982  |d 303980 
952 |0 0  |1 0  |4 0  |6 863_000000000000000_TER_1946  |7 0  |8 P  |9 365675  |a BIBTEO  |b BIBTES  |c TEO_FTES  |d 2019-11-21  |i 3909743  |o 863 TER 1946  |p 3909743  |r 2024-01-18  |w 2019-11-21  |y BK  |k ICR